| 000 | 00677cab a2200205 4500 | ||
|---|---|---|---|
| 001 | ABS39654 | ||
| 008 | 090401t1988 xxu||||| |||| 00| 0 eng d | ||
| 035 | _a(Sirsi) u18038 | ||
| 041 | _aeng | ||
| 100 | _aDeddis, B. | ||
| 245 | _aPrivate sector property investment | ||
| 260 | _c1988 | ||
| 350 | _a0 | ||
| 490 |
_aEstates Gazette _v(8832) 13 August 1988, 20-23(3) |
||
| 520 | _aReports on the findings of a research investigation into urban regeneration initiatives in Great Britain. Several key issues appropriate to investment in any region of the UK emerged. | ||
| 690 | _aPLANNING LAW AND PRACTICE | ||
| 700 | _aMcGreal, S. | ||
| 942 | _n0 | ||
| 948 | _c04/03/1997 | ||
| 999 |
_c11961 _d11961 |
||